Top 100 Players at the 2026 FIFA World Cup - Statistics

General Stats
  • This quiz has been taken 261 times
  • The average score is 60 of 100
Answer Stats
# Player Nation % Correct
2 Kylian Mbappé 3840px-Flag_of_France.svg.png
100%
3 Harry Kane 3840px-Flag_of_England.svg.png
98%
1 Lamine Yamal 3840px-Bandera_de_Espa%C3%B1a.svg.png
98%
6 Erling Haaland 3840px-Flag_of_Norway.svg.png
97%
40 Cristiano Ronaldo 3840px-Flag_of_Portugal_%28official%29.svg.png
95%
16 Lionel Messi Argentina
94%
7 Vinícius Júnior 3840px-Flag_of_Brazil.svg.png
93%
8 Achraf Hakimi 3840px-Flag_of_Morocco.svg.png
92%
4 Ousmane Dembélé 3840px-Flag_of_France.svg.png
88%
12 Bruno Fernandes 3840px-Flag_of_Portugal_%28official%29.svg.png
86%
34 Luka Modrić 3840px-Flag_of_Croatia.svg.png
86%
10 Pedri 3840px-Bandera_de_Espa%C3%B1a.svg.png
86%
9 Vitinha 3840px-Flag_of_Portugal_%28official%29.svg.png
86%
5 Michael Olise 3840px-Flag_of_France.svg.png
83%
11 Federico Valverde 3840px-Flag_of_Uruguay.svg.png
82%
14 Rodri 3840px-Bandera_de_Espa%C3%B1a.svg.png
80%
59 Mohamed Salah 3840px-Flag_of_Egypt.svg.png
79%
28 Virgil van Dijk 3840px-Flag_of_the_Netherlands.svg.png
79%
81 Heung-min Son 3840px-Flag_of_South_Korea.svg.png
78%
30 Alphonso Davies 3840px-Flag_of_Canada_%28Pantone%29.svg.png
77%
18 Jude Bellingham 3840px-Flag_of_England.svg.png
77%
37 Kevin De Bruyne 3840px-Flag_of_Belgium.svg.png
77%
23 Luis Díaz 3840px-Flag_of_Colombia.svg.png
77%
13 Julián Álvarez Argentina
75%
46 Rúben Dias 3840px-Flag_of_Portugal_%28official%29.svg.png
75%
51 Sadio Mané 3840px-Flag_of_Senegal.svg.png
75%
79 Christian Pulisic 3840px-Flag_of_the_United_States_%28DDD-F-416E_specifications%29.svg.png
74%
32 Jamal Musiala 3840px-Flag_of_Germany.svg.png
74%
17 João Neves 3840px-Flag_of_Portugal_%28official%29.svg.png
74%
55 Martin Ødegaard 3840px-Flag_of_Norway.svg.png
74%
27 Bukayo Saka 3840px-Flag_of_England.svg.png
73%
38 Désiré Doué 3840px-Flag_of_France.svg.png
73%
26 Lautaro Martínez Argentina
73%
98 Min-jae Kim 3840px-Flag_of_South_Korea.svg.png
73%
48 Emiliano Martínez Argentina
72%
78 Arda Güler 3840px-Flag_of_Turkey.svg.png
70%
19 Declan Rice 3840px-Flag_of_England.svg.png
70%
96 Lisandro Martínez Argentina
70%
20 Moisés Caicedo 3840px-Bandera_de_Ecuador.svg.png
70%
22 Florian Wirtz 3840px-Flag_of_Germany.svg.png
69%
29 Joshua Kimmich 3840px-Flag_of_Germany.svg.png
69%
15 Raphinha 3840px-Flag_of_Brazil.svg.png
68%
35 Nuno Mendes 3840px-Flag_of_Portugal_%28official%29.svg.png
67%
77 Viktor Gyökeres 3840px-Flag_of_Sweden.svg.png
66%
57 Scott McTominay 3840px-Flag_of_Scotland.svg.png
65%
99 Alexander Isak 3840px-Flag_of_Sweden.svg.png
64%
21 Gabriel Magalhães 3840px-Flag_of_Brazil.svg.png
64%
31 Bernardo Silva 3840px-Flag_of_Portugal_%28official%29.svg.png
63%
67 William Saliba 3840px-Flag_of_France.svg.png
63%
66 Marquinhos 3840px-Flag_of_Brazil.svg.png
58%
53 Nico Williams 3840px-Bandera_de_Espa%C3%B1a.svg.png
58%
44 Thibaut Courtois 3840px-Flag_of_Belgium.svg.png
58%
61 Cody Gakpo 3840px-Flag_of_the_Netherlands.svg.png
56%
54 Enzo Fernández Argentina
56%
39 Jérémy Doku 3840px-Flag_of_Belgium.svg.png
56%
56 Willian Pacho 3840px-Bandera_de_Ecuador.svg.png
56%
25 Aurélien Tchouaméni 3840px-Flag_of_France.svg.png
55%
49 Frenkie de Jong 3840px-Flag_of_the_Netherlands.svg.png
55%
62 Joško Gvardiol 3840px-Flag_of_Croatia.svg.png
54%
64 Alisson Becker 3840px-Flag_of_Brazil.svg.png
53%
65 Pau Cubarsí 3840px-Bandera_de_Espa%C3%B1a.svg.png
53%
71 Rafael Leão 3840px-Flag_of_Portugal_%28official%29.svg.png
53%
69 Mike Maignan 3840px-Flag_of_France.svg.png
52%
41 Rayan Cherki 3840px-Flag_of_France.svg.png
52%
24 Antoine Semenyo 3840px-Flag_of_Ghana.svg.png
51%
97 Bradley Barcola 3840px-Flag_of_France.svg.png
50%
43 N'Golo Kanté 3840px-Flag_of_France.svg.png
50%
72 Alexis Mac Allister Argentina
49%
86 Casemiro 3840px-Flag_of_Brazil.svg.png
49%
76 Dani Olmo 3840px-Bandera_de_Espa%C3%B1a.svg.png
49%
89 Kenan Yıldız 3840px-Flag_of_Turkey.svg.png
49%
33 Cole Palmer 3840px-Flag_of_England.svg.png
46%
95 Phil Foden 3840px-Flag_of_England.svg.png
46%
47 Bruno Guimarães 3840px-Flag_of_Brazil.svg.png
44%
52 Martín Zubimendi 3840px-Bandera_de_Espa%C3%B1a.svg.png
44%
92 Mikel Oyarzabal 3840px-Bandera_de_Espa%C3%B1a.svg.png
44%
63 Ibrahima Konaté 3840px-Flag_of_France.svg.png
43%
50 Marc Cucurella 3840px-Bandera_de_Espa%C3%B1a.svg.png
43%
85 Fabián Ruiz 3840px-Bandera_de_Espa%C3%B1a.svg.png
40%
84 Marc Guéhi 3840px-Flag_of_England.svg.png
40%
87 Mikel Merino 3840px-Bandera_de_Espa%C3%B1a.svg.png
40%
82 Reece James 3840px-Flag_of_England.svg.png
40%
36 Denzel Dumfries 3840px-Flag_of_the_Netherlands.svg.png
39%
88 Eberechi Eze 3840px-Flag_of_England.svg.png
39%
58 Ryan Gravenberch 3840px-Flag_of_the_Netherlands.svg.png
38%
73 Weston McKennie 3840px-Flag_of_the_United_States_%28DDD-F-416E_specifications%29.svg.png
38%
80 Jules Koundé 3840px-Flag_of_France.svg.png
37%
42 Antonio Rüdiger 3840px-Flag_of_Germany.svg.png
36%
94 Kaoru Mitoma 3840px-Flag_of_Japan.svg.png
35%
93 Marcus Thuram 3840px-Flag_of_France.svg.png
35%
90 Raúl Jiménez 3840px-Flag_of_Mexico.svg.png
35%
74 Gabriel Martinelli 3840px-Flag_of_Brazil.svg.png
34%
75 João Cancelo 3840px-Flag_of_Portugal_%28official%29.svg.png
34%
68 João Pedro 3840px-Flag_of_Brazil.svg.png
34%
91 Gonçalo Ramos 3840px-Flag_of_Portugal_%28official%29.svg.png
33%
45 Tijjani Reijnders 3840px-Flag_of_the_Netherlands.svg.png
31%
60 Fermin López 3840px-Bandera_de_Espa%C3%B1a.svg.png
25%
70 Ismaïla Sarr 3840px-Flag_of_Senegal.svg.png
22%
83 Jeremie Frimpong 3840px-Flag_of_the_Netherlands.svg.png
20%
100 Pervis Estupiñán 3840px-Bandera_de_Ecuador.svg.png
20%
No matching quizzes found
Score Distribution
Percent of People with Each Score
Percentile by Number Answered
Your Score History
You have not taken this quiz